00000000nam 2200000zi 4500
0019.922043
003CaOODSP
00520230428100353
006m     o  d f      
007cr bn|||||||||
008230428t19801980onca    ob   f000 0 eng d
020 |a0662109783 |q(print)
040 |aCaOODSP|beng|erda|cCaOODSP
0410 |aeng|beng|bfre
043 |an-cn-on
0861 |aEn42-1/4-80-2E-PDF
0861 |aEn43-4/1980-2E
1001 |aGuo, P. H. M., |eauthor.
24510|aActivated sludge and activated carbon treatment of a wood preserving effluent containing pentachlorophenol / |cby P.H.M. Guo, P.J.A. Fowlie, V.W. Cairns and B.E. Jank.
264 1|a[Burlington, Ont.] : |bWastewater Technology Centre, Environmental Protection Service, Environment Canada, |c1980.
264 4|c©1980
300 |a1 online resource (viii, 77 pages) : |billustrations.
336 |atext|btxt|2rdacontent
337 |acomputer|bc|2rdamedia
338 |aonline resource|bcr|2rdacarrier
4901 |aEnvironmental Protection Service report series
500 |aIssued also in French under title: Traitement par boues activées et au charbon actif des effluents d'une usine de préservation du bois contenant du pentachlorophénol.
500 |a"Report no. EPS 4-WP-80-2."
500 |a"June 1980."
500 |aOn cover: Technology development, report EPS 4-WP-80-2.
500 |aDigitized edition from print [produced by Environment and Climate Change Canada].
504 |aIncludes bibliographical references (pages 49-50).
546 |aIncludes abstracts in English and French.
650 0|aSewage|xPurification|xActivated sludge process|zOntario|zThunder Bay.
650 0|aSewage|xPurification|xAdsorption|zOntario|zThunder Bay.
650 0|aWood|xPreservation|xWaste disposal|xEnvironmental aspects|zOntario|zThunder Bay.
650 0|aWood preservatives|xEnvironmental aspects|zOntario|zThunder Bay.
650 0|aPentachlorophenol|xEnvironmental aspects|zOntario|zThunder Bay.
7101 |aCanada. |bEnvironmental Protection Service, |eissuing body.
7102 |aWastewater Technology Centre (Canada), |eissuing body.
7101 |aCanada. |bWater Pollution Control Directorate, |eissuing body.
77508|tTraitement par boues activées et au charbon actif des effluents d'une usine de préservation du bois contenant du pentachlorophénol / |w(CaOODSP)9.922047
830#0|aEnvironmental Protection Service report series.|w(CaOODSP)9.866031
85640|qPDF|s2.74 MB|uhttps://publications.gc.ca/collections/collection_2023/eccc/en42/En42-1-4-80-2-eng.pdf